Słoweńscy sportowcy - nagła śmierć - Statystyki

Ogólne statystyki
  • Ten quiz został rozwiązany 78 razy
  • Średni wynik to 7 z 10
Answers on the Grid
Answers color-coded by a green-red scale on the quiz's grid according to % correct below.
Jan Oblak
Peter Prevc
Marek Hamšík
Luka Dončić
Nikola Jokić
Petra Majdić
Tadej Pogačar
Dejan Lovren
Domen Prevc
Nemanja Vidić
Klemen Čebulj
Max Verstappen
Ivan Rakitić
Dušan Kuciak
Josip Iličić
Andrej Kramarić
Robert Kranjec
Jiří Procházka
Roger Federer
Tonček Štern
 
Statystyki odpowiedzi
Odpowiedź % Poprawnych
Peter Prevc
89%
Jan Oblak
85%
Domen Prevc
78%
Robert Kranjec
69%
Luka Dončić
61%
Tadej Pogačar
61%
Tonček Štern
57%
Klemen Čebulj
52%
Petra Majdić
50%
Josip Iličić
48%
Nie znaleziono quizów pasujących do podanych kryteriów
Rozkład punktacji
Procent ludzi z każdym wynikiem
Percentyl według liczby udzielonych odpowiedzi
Twoja historia wyników
Nie rozwiązałeś tego quizu